Sovereignty lost, sovereignty regained? <The> European integration project and the Bundesverfassungsgericht

Guardado en:
Detalles Bibliográficos
Autor principal: Aziz, Miriam
Formato: Libro
Lenguaje:inglés
Publicado: San Domenico (FI) European University Institute 2001
Colección:EUI Working paper RSC No. 2001/31
Materias:
Etiquetas: Agregar Etiqueta
Sin Etiquetas, Sea el primero en etiquetar este registro!

MARC

LEADER 00000nam a2200000 4500
001 c132261
005 20221124104825.2
041 0 |a eng 
044 |a IT 
245 1 0 |a Sovereignty lost, sovereignty regained?  |b <The> European integration project and the Bundesverfassungsgericht  |c Miriam Aziz 
264 1 |a San Domenico (FI)  |b European University Institute  |c 2001 
300 |a 36 s. 
490 1 |a EUI Working paper RSC  |v No. 2001/31 
830 0 |a EUI Working paper RSC  |v No. 2001/31 
610 2 0 |a integrácia ekonomická medzinárodná 
610 2 0 |a projekty 
610 2 0 |a súdy 
610 2 0 |a zákony 
610 2 0 |a legislatíva 
610 2 0 |a Nemecko 
610 2 0 |a Európska únia 
100 1 |a Aziz, Miriam